000 01294cam a2200361 a 4500
001 13933175
003 OSt
005 20110722145718.0
008 050418s1996 enk 001 0 eng d
010 _a 2005274130
015 _aGB97-6335
020 _a0406063257
035 _a(OCoLC)ocm34706178
040 _aESU
_cESU
_dUKM
_dLUI
_dDLC
042 _alccopycat
043 _ae-uk---
050 0 0 _aKD8406
_b.W339 1996
082 0 4 _a345.420772 WAL
_222
100 1 _aWalker, Nigel.
_9932
245 1 0 _aSentencing : theory, law, and practice /
_cNigel Walker and Nicola Padfield. _
250 _a2nd ed. _
260 _aLondon ;
_aCharlottesville :
_bButterworths,
_c1996.
300 _alvii, 406 p. ;
_c24 cm.
504 _aIncludes bibliographical references (p. xxiii-xxxvii) and index.
650 0 _aSentences (Criminal procedure)
_zGreat Britain.
_9933
650 0 _aPrison sentences
_zGreat Britain.
_9934
650 0 _aPunishment
_zGreat Britain.
_9935
700 1 _aPadfield, Nicola.
_9936
906 _a7
_bcbc
_ccopycat
_d2
_encip
_f20
_gy-gencatlg
942 _2ddc
_cBK
999 _c311
_d311